LEADER 01066nam0 22002891i 450 001 RML0286808 005 20231121125732.0 010 $a1856043746 100 $a20121121d2000 ||||0itac50 ba 101 | $aeng 102 $agb 181 1$6z01$ai $bxxxe 182 1$6z01$an 200 1 $a˜The œAcademic library$fPeter Brophy 210 $aLondon $cLibrary Association Publishing $d2000 215 $aX, 214 p.$d23 cm. 606 $aBiblioteche universitarie Gestione e organizzazione Gran Bretagna$2FIR$3RMLC412899$9I 676 $a027$9BIBLIOTECHE GENERALI$v21 700 1$aBrophy$b, Peter$3RMLV185200$0715550 801 3$aIT$bIT-01$c20121121 850 $aIT-FR0098 899 $aBiblioteca Area Giuridico Economica$bFR0098 912 $aRML0286808 950 0$aBiblioteca Area Giuridico Economica$d 53TER 027/2$e 53VM 0000565805 VM barcode:ECO014985. - Inventario:5318. - Fondo:Sala consultazioneVM$fB $h20050629$i20121204 977 $a 53 996 $aAcademic library$93627299 997 $aUNICAS